Pop Music Artists By Pictures - Statistics

General Stats
  • This quiz has been taken 1,276 times
  • The average score is 35 of 50
Answer Stats
Picture Answer % Correct
Michael Jackson
98%
Ariana Grande
95%
Beyoncé
95%
Ed Sheeran
95%
Taylor Swift
95%
Justin Bieber
94%
Rihanna
94%
Billie Eilish
93%
Lady Gaga
91%
Bruno Mars
89%
Harry Styles
89%
The Weeknd
89%
Selena Gomez
87%
Katy Perry
86%
Elton John
85%
Miley Cyrus
85%
Britney Spears
84%
Dua Lipa
83%
Sia
81%
Nicki Minaj
78%
Pink
78%
Pitbull
78%
Shakira
78%
Madonna
75%
Camila Cabello
74%
Mariah Carey
74%
Jennifer Lopez
73%
Lana Del Rey
72%
Prince
72%
Shawn Mendes
72%
Zayn
67%
Doja Cat
64%
Charlie Puth
63%
Justin Timberlake
62%
Janet Jackson
61%
Jason Derulo
61%
Avril Lavigne
59%
Adam Levine
56%
Whitney Houston
56%
Lewis Capaldi
55%
Melanie Martinez
49%
Will i am
46%
Christina Aguilera
45%
Cyndi Lauper
35%
Robbie Williams
34%
Rosalía
33%
Kate Bush
23%
Bonnie Tyler
20%
James Blunt
18%
Nelly Furtado
15%
No matching quizzes found
Score Distribution
Percent of People with Each Score
Percentile by Number Answered
Your Score History
You have not taken this quiz